Normal view
MARC view
Entry Personal Name
001 - CONTROL NUMBER
- control field: 52610
003 - CONTROL NUMBER IDENTIFIER
- control field: dpl
005 - DATE AND TIME OF LATEST TRANSACTION
- control field: 20120925143937.0
008 - FIXED-LENGTH DATA ELEMENTS
- fixed length control field: 120925|||a|||||| | ||| d
040 ## - CATALOGING SOURCE
- Original cataloging agency: dpl
- Transcribing agency: dpl
100 ## - HEADING--PERSONAL NAME
- Personal name: مو لف:ا بو علی عبد الو کيل
670 ## - SOURCE DATA FOUND
- Source citation: Work cat.: (dpl): مو لف:ا بو علی عبد الو کيل, عقل وا لو ن کے ليے حکا يا ت, 2011
670 ## - SOURCE DATA FOUND
- Source citation: Work cat.: (dpl): مو لف:ا بو علی عبد الو کيل, عقل وا لو ن کے ليے حکا يا ت, 2011
